| 000 | 01001nam a22003137a 4500 | ||
|---|---|---|---|
| 001 | BR2014006493 | ||
| 003 | BR-BrBNA | ||
| 005 | 20230928104515.0 | ||
| 007 | ta | ||
| 008 | 230509b bl.||||| |||| 00| 0 por d | ||
| 040 |
_aBR-BrBNA _bpor _cBiblioteca Nacional de Agricultura |
||
| 041 | _a(Por) | ||
| 072 |
_aL53; L10 _b5212 |
||
| 090 | _ 5212 BR2014006493 | ||
| 100 | 1 | _aNishimura, R.C. | |
| 110 | 1 |
_aUniversidade de Brasília, DF (Brasil). Faculdade de Agronomia e Medicina Veterinária _0Tese (Mestre em Ciência Animal) |
|
| 245 | 1 | _aPerfil de metilação do éxon 1 do gene xist em células da linhagem espermatogênica de bovinos | |
| 260 | 3 |
_aBrasília, DF (Brasil): _c2012. |
|
| 300 | _a71 p. | ||
| 500 | _aSummaries (Eng, Por); Several bibliography; 19 illus. | ||
| 650 | _aBOVINO | ||
| 650 | _aESPERMATOGÊNESE | ||
| 650 | _aLINHAGEM | ||
| 650 | _aDNA | ||
| 650 | _aANÁLISE COMPARATIVA | ||
| 650 | _aMETILAÇÃO | ||
| 909 |
_a202309 _bLucia _c55 _dLucia Elande |
||
| 942 | _cBK | ||
| 999 |
_c80298 _d80298 |
||